| 000 | 00656cam4a220020500 4500 | ||
|---|---|---|---|
| 001 | qce00901518 | ||
| 005 | 20190813173513.0 | ||
| 008 | 740724s1949 ilu 000 0 eng u | ||
| 035 | _a(Sirsi) r24076 | ||
| 035 | _a(QCAT)lss00619083 | ||
| 035 | _a(UPRA)qce00901518 | ||
| 040 | _dUPRA | ||
| 100 | 1 |
_aRienzo, S. di. _6A86212.1 |
|
| 245 | 1 | 0 |
_aRadiologic exploration of the bronchus / _ctranslated by Tomas A. Hughes. |
| 260 |
_aSpringfield, IL : _bThomas, _c[c1949] |
||
| 504 | _aIncludes bibliographies. | ||
| 650 | 2 |
_aBronchi -- radiography. _xBronchi -- radiography. _6S62024.1 |
|
| 949 |
_aRC734 _wLC _i-23592 _mMEDICAL _tBOOK _lON-SHELF |
||
| 004 | 24076 | ||
| 999 |
_c43081 _d43081 |
||